000 01156cam a22002174a 4500
005 20250605164327.0
008 250528s ||||||||||||||||||||||||d
035 _a23110
020 _a415253004
040 _aGR-AtMCL
_bgre
_dGR-AtMCL
_eAACR2
245 1 _aPsychology and Crime
250 _a1st
260 _bRoutledge - Taylor & Francis Group,
_c2002
300 _a200
520 _aWhat does a Criminological Psychologist do? The Popular image is that of a modern day Sherlock Holmes helping the police to solve crimes and mysteries. This book is a new introduction to the topic of Criminological Psychology that helps dispel these myths. Acknowledgements, Introduction, The Nature and Measurement of Offending, Biologically Oriented Explanations of Criminal Behavior, Psychologically Oriented Explanations of Criminal Behavior, The Police and Crime, Offender Profiling, The Psychology of Testimony, The Psychology of the Courtroom, Punishing and Treating and Preventing Crime, Study Aids, Glossary, References, Index.
700 1 _aPutwain David
_98665
700 1 _aSammons Adams
_98666
942 _cBK
999 _c8140
_d8140